000
00284nam a22000977a 4500
008
230706b |||||||| |||| 00| 0 eng d
020
_a
9789386313768
100
_a
STILTON GERONIMO
_9
7367
245
_a
THEA STILTON AND THE FROZEN FIASCO
260
_a
NEW DELHI
_b
POLYKAM OFFEST NARAINA
_c
2023
999
_c
12341
_d
12341